Nombre 5 - Culture générale - Statistiques

Statistiques générales
  • Ce quiz a été pris 24 947 fois
    24 733 depuis la dernière actualisation
  • Le résultat moyen est 13 sur 20
Statistiques - réponses
Indice Réponse % Correct
Celui des 5 sens lié à l'oreille Ouïe
94%
Dernier des 5 doigts de la main Auriculaire
87%
Leur drapeau est composé de 5 anneaux représentant 5 continents Jeux olympiques
85%
5ème goût avec le sucré, le salé, l'umami et l'acide Amer
80%
Ce de quoi on est la 5ème roue lorsque l'on se sent de trop Carrosse
80%
Il y a 5 joueurs d'une même équipe sur le terrain dans ce sport collectif Basket-ball
76%
Ville dans laquelle se situe la Cinquième Avenue, une des rues commerçantes les plus chères du monde New York
76%
Entreprise de parfums et cosmétiques commercialisant n°5 Chanel
75%
Président français faisant passer le mandat présidentiel d'un septennat à un quinquennat Jacques Chirac
75%
Groupe de musique composé de 5 frères dont l'un d'eux s'appelle Michael The Jackson Five
71%
Ils sont au nombre de 5 dans l'Islam Piliers
69%
Première des 5 étapes du deuil Déni
66%
Récompense annuelle créée par un suédois divisée en 5 catégories Prix Nobel
63%
Avec la France, seul pays des 5 membres permanents au Conseil de sécurité de l'ONU ayant moins de 100 millions d'habitants Royaume-Uni
62%
Ces animaux marins orange possèdent généralement 5 branches Étoile de mer
58%
Pays dans lequel se trouvent les Cinque Terre, inscrites au patrimoine mondial de l'UNESCO Italie
56%
Cinquième élément de la tradition orientale avec le feu, l'eau, le bois et le métal La terre
50%
Série de romans d'aventure pour enfants écrite par Enid Blyton Le Club des cinq
37%
Celui des 5 Grands Lacs ayant la plus grande superficie Lac Supérieur
27%
Statut obtenu par les aviateurs ayant remporté 5 combats aériens As de l'aviation
16%
Aucun quiz correspondant
Distribution des résultats
% des personnes avec chaque résultat
Percentile par nombre de réponses
Votre historique - résultats
Vous n’avez pas pris ce quiz depuis la dernière actualisation